Vista normal Vista MARC

Entrada Materia (personas)

Número de registros utilizados en: 3

001 - CONTROL NUMBER

  • control field: 91085

003 - CONTROL NUMBER IDENTIFIER

  • control field: Co-BoUCM

005 - DATE AND TIME OF LATEST TRANSACTION

  • control field: 20180131083648.0

008 - FIXED-LENGTH DATA ELEMENTS

  • fixed length control field: 180131|| aca||aabn | a|a d

040 ## - CATALOGING SOURCE

  • Original cataloging agency: Co-BoUCM
  • Transcribing agency: Co-BoUCM

100 ## - HEADING--PERSONAL NAME

  • Personal name: Vásquez Pérez, José

670 ## - SOURCE DATA FOUND

  • Source citation: Work cat.: (Co-BoUCM)17793: Deleuze, Gilles 1925-1995 1481, Pericles y Verdi la filosofía de Francois Chatelet, 1989